| 000 | 00421 a2200145 4500 | ||
|---|---|---|---|
| 020 | _a8178080206 | ||
| 040 |
_aDLC _bDLC |
||
| 082 | 0 | 0 | _a005.4469 |
| 100 | 1 | _aNutt, Gary J. | |
| 245 | 1 | 0 |
_aOperating system projects using Windows NT _cGary Nutt. |
| 260 |
_aReading, Mass. : _bAddison-Wesley, _cc1999. |
||
| 300 |
_axvii, 236 p. : _bill. ; _c24 cm. |
||
| 650 | 0 | _aOperating systems (Computers) | |
| 942 |
_cBK _k005.4469 NUT _2ddc |
||
| 999 |
_c6330 _d6330 |
||